000 00492nam a2200217Ia 4500
008 210210b1913 xxu||||| |||| 00| 0 eng d
041 _aeng
082 _a516/76
100 _aLONEY (S L)
245 _aKey to elements of statics and dynamics
260 _aCambridge
_bAt the University Press
_c1913
650 _ato
650 _astatics
650 _aof
650 _aKey
650 _aelements
650 _adynamics
650 _aand
690 _astatics
906 _a007792
999 _c140461
_d140461